| 000 | 00599cam a22002173a 4500 | ||
|---|---|---|---|
| 001 | 40447 | ||
| 003 | PGUSA | ||
| 005 | 20140828083913.0 | ||
| 008 | 120808s2012||||xxu|||||s|||||000 | eng d | ||
| 040 |
_aPGUSA _beng |
||
| 042 | _adc | ||
| 100 | 1 |
_aRansome, Arthur, _d1884-1967 |
|
| 245 | 1 | 0 |
_aPond and Stream _h[electronic resource] / _cArthur Ransome |
| 260 |
_bProject Gutenberg, _c2012 |
||
| 506 | _aPublic domain in the USA. | ||
| 516 | _aElectronic text | ||
| 700 | 1 | _aCraine, Frances | |
| 830 | 0 |
_aProject Gutenberg _v40447 |
|
| 856 | 4 | 0 | _uhttp://www.gutenberg.org/ebooks/40447 |
| 942 | _cEB | ||
| 999 |
_c269700 _d269700 |
||